Normal view MARC view
  • Vargas Solís, María Antonieta

Entry Nombre Personal

Number of records used in: 1

001 - NUMERO DE CONTROL

  • campo de control: 48319

003 - IDENTIFICADOR DE NUMERO DE CONTROL

  • campo de control: UPN

005 - FECHA Y HORA DE LA ÜLTIMA TRANSACCIÓN

  • campo de control: 20230511094010.0

008 - DATOS DE LONGITUD FIJA

  • campo de control de longitud fija: 230315|| aca||aabn | a|a d

024 ## - OTROS IDENTIFICADORES NORMALIZADOS

  • Fuente: orcid
  • Número normalizado o código: https://orcid.org/0000-0003-0385-0660

040 ## - FUENTE DE CATALOGACIÓN

  • Agencia original de catalogación: MX-MxUPN

100 1# - ENCABEZAMIENTO - NOMBRE PERSONAL

  • Nombre personal: Vargas Solís, María Antonieta

370 ## - LUGAR ASOCIADO

  • Place of birth: San José, Costa Rica

371 ## - DIRECCIÓN

  • Electronic mail address: antonieta.vargas@gmail.com

372 ## - CAMPO DE ACTIVIDAD

  • Field of activity: Administración educativa, enseñanza del inglés, evaluación educativa
  • Field of activity: Docencia

373 ## - GRUPO ASOCIADO

  • Associated group: Ministerio de Educación Pública

374 ## - OCUPACIÓN

  • Occupation: Profesora universitaria

670 ## - FUENTE EN LA QUE SE LOCALIZARON DATOS

  • Cita de la fuente: En recurso en línea Actualidades investigativas en educación Vol. 22, no. 3 (2022):
  • Información localizada: página 1 (María Antonieta Vargas Solís)
  • Uniform Resource Identifier: https://revistas.ucr.ac.cr/index.php/aie/article/view/50614/52438

902 ## - CATALOGADOR

  • Catalogador: RGJD/110523